Výsledky průzkumu soukromě hospodařících zemědělců.

Postupný rozvoj súkromného sektoru v poľnohospodárstve. Transformácia a privatizácia ako nevyhnutná podmienka pre fungovanie poľnohospodárskeho trhu. Negatívne vplyvy brzdiace rozvoj a prosperitu súkromného sektoru. Prieskum formou dotazníkov na 250 súkromných hospodárstvach, realizovaný Českým inšt...

Descrizione completa

Salvato in:
Dettagli Bibliografici
Autore principale: Neděla, S.
Altri autori: Bartoš, J., Hozová, M.
Natura: Capitolo di libro
Lingua:ceco
Soggetti:
Tags: Aggiungi Tag
Nessun Tag, puoi essere il primo ad aggiungerne!!

MARC

LEADER 00000naa a2200000 4500
001 r012433
005 20220826095050.4
041 0 |a cze 
044 |a CZ 
245 1 0 |a Výsledky průzkumu soukromě hospodařících zemědělců.  |c S. Neděla, J. Bartoš, M. Hozová 
520 |a Postupný rozvoj súkromného sektoru v poľnohospodárstve. Transformácia a privatizácia ako nevyhnutná podmienka pre fungovanie poľnohospodárskeho trhu. Negatívne vplyvy brzdiace rozvoj a prosperitu súkromného sektoru. Prieskum formou dotazníkov na 250 súkromných hospodárstvach, realizovaný Českým inštitútom agrárnej ekonomiky v Brne. Spracovanie a analýza výsledkov výskumu. 
610 2 0 |a poľnohospodárstvo 
610 2 0 |a podnikanie súkromné 
610 2 0 |a trh 
610 2 0 |a transformácia 
610 2 0 |a privatizácia 
610 2 0 |a dotazníky 
610 2 0 |a výskum 
100 1 |a Neděla, S. 
700 1 |a Bartoš, J. 
700 1 |a Hozová, M.